Žádej, o co chceš /

Hlavní autor: Day, Sylvia, 1973-
Jazyk: Čeština
Vydáno: V Praze : Levné knihy, 2009
Vydání: Vyd. 1.
Témata:
Externí odkaz: Digitalizovaný dokument
Fyzický popis: 310 s. ; 20 cm
Knihy
Uloženo v:
LEADER 01441nam a2200421 a 4500
001 nkc20091991089
003 CZ PrNK
005 20091106142748.0
007 ta
008 090825s2009 xr g 000 f cze
015 |a cnb001991089 
020 |a 978-80-7309-777-6  |q (brož.) 
035 |a (OCoLC)465276304 
040 |a OLA001  |b cze  |d BOA001 
041 1 |a cze  |h eng 
072 7 |a 821.111(73)-3  |x Americká próza  |2 Konspekt  |9 25 
080 |a 821.111(73)-31  |2 MRF 
080 |a (0:82-311.6)  |2 MRF 
080 |a (0:82-312.5)  |2 MRF 
100 1 |a Day, Sylvia,  |d 1973-  |7 mzk2009534975  |4 aut 
245 1 0 |a Žádej, o co chceš /  |c Sylvia Dayová ; přeložila Milena Malá 
250 |a Vyd. 1. 
260 |a V Praze :  |b Levné knihy,  |c 2009 
300 |a 310 s. ;  |c 20 cm 
500 |a Přeloženo z angličtiny 
655 7 |a americké romány  |7 fd131796  |2 czenas 
655 7 |a historické romány  |7 fd132414  |2 czenas 
655 7 |a milostné romány  |7 fd132840  |2 czenas 
655 9 |a American fiction  |2 eczenas 
655 9 |a historical novels  |2 eczenas 
655 9 |a love novels  |2 eczenas 
765 0 |t Ask for it  |9 Česky 
856 4 1 |u http://www.digitalniknihovna.cz/mzk/uuid/uuid:4e367b80-004e-11e4-9789-005056827e52  |y Digitalizovaný dokument  |x NDK 
910 2 |a BOA001  |b 2-1229.261 
990 |a BK 
995 |a 01 
991 |b 200910 
996 6 |b 2610391346  |c 2-1229.261  |l MZK  |r Sklad / do 1 hodiny  |n 3  |p p.v.  |w 000965314  |u 000010  |a 1  |e BOA001  |j MZK50  |s P